The fate of the forest (Record no. 43171)

MARC details
000 -LEADER
fixed length control field 00556nam a2200157 a 4500
008 - FIXED-LENGTH DATA ELEMENTS--GENERAL INFORMATION
fixed length control field 120416s0000 ||||||||||||||||| || u
020 ## - INTERNATIONAL STANDARD BOOK NUMBER
International Standard Book Number 0140133828
050 ## - LIBRARY OF CONGRESS CALL NUMBER
Classification number SD 387.7 Hec
100 ## - MAIN ENTRY--PERSONAL NAME
Personal name Hecht, Susanna
245 14 - TITLE STATEMENT
Title The fate of the forest
246 ## - VARYING FORM OF TITLE
Title proper/short title developers, destroyers and defenders of the Amazon
260 ## - PUBLICATION, DISTRIBUTION, ETC.
Place of publication, distribution, etc. London
Name of publisher, distributor, etc. Penguin
Date of publication, distribution, etc. 1989
300 ## - PHYSICAL DESCRIPTION
Extent xii, 349p. : ill.
350 ## - PRICE (NR) (BK AM CF MU VM SE) [OBSOLETE]
Price 0.00
995 ## - RECOMMENDATION 995 [LOCAL, UNIMARC FRANCE]
-- 0.00
-- CBU-MAIN LIBRARY (Kitwe)
-- 1
-- 5.99
-- 1
-- AVAILABLE
-- Annex Low-Usage Collection
Holdings
Withdrawn status Lost status Source of classification or shelving scheme Damaged status Not for loan Home library Current library Shelving location Date acquired Total Checkouts Full call number Barcode Date last seen Price effective from Koha item type
          CBU-MAIN LIBRARY, KITWE. CBU-MAIN LIBRARY, KITWE.   11/30/2022   SD 387.7 Hec 013365 11/30/2022 11/30/2022 MONOGRAPH